[Event "40th GM"]
[Site "Dortmund GER"]
[Date "2012.07.13"]
[Round "1"]
[White "Karjakin, Sergey"]
[Black "Kramnik, Vladimir"]
[Result "1/2-1/2"]
[WhiteTitle "GM"]
[BlackTitle "GM"]
[WhiteElo "2779"]
[BlackElo "2799"]
[WhiteFideId "14109603"]
[BlackFideId "4101588"]
[EventDate "2012.07.13"]

1. e4 e5 2. Nf3 Nc6 3. d4 exd4 4. Nxd4 Nf6 5. Nxc6 bxc6 6. e5 Qe7 7. Qe2 Nd5 8.
c4 Nb6 9. Nc3 Ba6 10. b3 O-O-O 11. Bb2 Re8 12. f4 f6 13. O-O-O fxe5 14. fxe5
Qxe5 15. Qxe5 Rxe5 16. Bd3 Re8 17. Rhf1 d5 18. cxd5 Bxd3 19. Rxd3 Nxd5 20. Nxd5
cxd5 21. Rxd5 Bd6 22. Bxg7 Rhg8 23. Rf7 Re2 24. Rd2 Rxg7 25. Rxg7 Bf4 26. Rd7
Rxg2 27. Kc2 Bxd2 28. Rxd2 Rg4 29. Rd3 Rg2+ 30. Rd2 Rg4 31. Rd3 Rg2+ 32. Rd2 Rg4 1/2-1/2